| 000 | 01287nam a22001577a 4500 | ||
|---|---|---|---|
| 041 | _aukr | ||
| 080 | _a09 | ||
| 090 | _bМАО | ||
| 100 | _aМартиненко А.О. | ||
| 245 | _aМіжкультурне спілкування, як важливий чинник міжнародних відносин. | ||
| 260 |
_aОстрог _bКАФ _c2007 |
||
| 300 | _a44 | ||
| 520 |
_aВСТУП.
РОЗДІЛ 1. МОВА, ЯК ЗАСІБ СПІЛКУВАННЯ РІЗНИХ КУЛЬТУР.
1.1. Спілкування, як складний процес взаємодії особистостей.
1.2. Роль мови і культури в соціалізації особистості.
РОЗДІЛ 2. ВПЛИВ КУЛЬТУРНИХ ЧИННИКІВ НА СПІЛКУВАННЯ РІЗНИХ НАЦІЙ.
2.1. вплив англійської мови та культури на українське усне та письмове спілкування.
2.2. Програми обміну молоді, як можливість порівняння двох культур та способів спілкування.
ВИСНОВКИ. _0Міжкультурне спілкування, міжнародні відносини. |
||
| 650 | _aResearch Papers | ||
| 999 |
_c283954 _d283954 |
||
| 942 | _cBK | ||